Особливості мови персонажів та засоби їх перекладу у творі Дж.Д.Селінджера "Над прірвою у житі" (Запис № 283927)

МАРК-запис
000 -LEADER
fixed length control field 02005nam a22001577a 4500
041 ## - LANGUAGE CODE
Language code of text/sound track or separate title ukr
080 ## - UNIVERSAL DECIMAL CLASSIFICATION NUMBER
Universal Decimal Classification number 09
090 ## - LOCALLY ASSIGNED LC-TYPE CALL NUMBER (OCLC); LOCAL CALL NUMBER (OCLC)
Local cutter number (OCLC) ; Book number/undivided call number, CALL (RLIN) ТИМ
100 ## - MAIN ENTRY--PERSONAL NAME
Personal name Тимчук К. Ф.
245 ## - TITLE STATEMENT
Title Особливості мови персонажів та засоби їх перекладу у творі Дж.Д.Селінджера "Над прірвою у житі"
260 ## - PUBLICATION, DISTRIBUTION, ETC. (IMPRINT)
Place of publication, distribution, etc Острог
Name of publisher, distributor, etc КАФ
Date of publication, distribution, etc 2007
300 ## - PHYSICAL DESCRIPTION
Extent 56
520 ## - SUMMARY, ETC.
Summary, etc Вступ<br/>Розділ 1 Лінгвістичний аспект сленгу<br/>1.1 Прагматика сленгу<br/>1.2 Причини виникнення сленгу в українській мові<br/>1.3 Історія дослідження сленгу<br/>Розділ 2 Перекладацький аспект сленгу<br/>2.1 Теоритичні засади перекладу художнього твору<br/>2.2 Підходи, методи та прийоми, які можуть бути застосовані при перекладі сленгу<br/>Розділ 3 Засоби передачі особливостей мови персонажів у творі Дж.Д.Селінджера "Над прірвою у житі"<br/>3.1 Передача фразеологічних одиниць та стилістично заниженої лексики у мові персонажів "Над прірвою у житі" українською та російською мовами <br/>3.2 Граматичні особливості мови персонажів Дж.Д.Селінджера "Над прірвою у житі" та засоби їх передачі українською та російською мовами<br/>3.3 Засоби передачі фонетичних відхилень від норми пр перекладі роману Дж.Д.Селінджера "Над прірвою у житі" на українську та російську мови<br/>Висновок
-- сленг,
650 ## - SUBJECT ADDED ENTRY--TOPICAL TERM
Topical term or geographic name as entry element Research Papers
942 ## - ADDED ENTRY ELEMENTS (KOHA)
Koha item type Книги
Фонди
Withdrawn status Lost status Source of classification or shelving scheme Damaged status Not for loan Home library Current library Date acquired Source of acquisition Cost, normal purchase price Total Checkouts Full call number Barcode Date last seen Price effective from Koha item type
    Universal Decimal Classification     ВІЛ - Відділ іноземн. літератури НБ ВІЛ - Відділ іноземн. літератури НБ 16/04/2009 Акт №1 1.00   09 213282 20/12/2021 16/04/2009 Книги